000
00317nam a2200121Ia 4500
008
190216s9999||||xx |||||||||||||| ||und||
100
_a
Ward A C
245
0
_a
Twentieth Century English Literature
260
_b
The English Language Book Society
_c
1965
300
_a
239p
650
_a
English Literature
942
_c
BK
999
_c
11845
_d
11845